Normal view
MARC view
- Draperies in interior decoration
Entry Topical Term
001 - CONTROL NUMBER
- control field: 88791
003 - CONTROL NUMBER IDENTIFIER
- control field: NUST
005 - DATE AND TIME OF LATEST TRANSACTION
- control field: 20220204140859.0
008 - FIXED-LENGTH DATA ELEMENTS
- fixed length control field: 220204|| aca||aabn | a|a d
040 ## - CATALOGING SOURCE
- Original cataloging agency: NUST
- Transcribing agency: NUST
150 ## - HEADING--TOPICAL TERM
- Topical term or geographic name entry element: Draperies in interior decoration
670 ## - SOURCE DATA FOUND
- Source citation: Work cat.: (NUST)587618: Clifton-Mogg, Caroline 88788, The Curtain Book : , 1988.
